Statistics for Religion by Letter - D

Click here to take the quiz!

General Stats

  • This quiz has been taken 157 times
    (125 since last reset)
  • The average score is 13 of 20

Answer Stats

HintAnswer% Correct
Biblical King Solomon succeededDavid
95%
Mexican holiday celebrated on
the November 1
Day of
the {Dead}
91%
Spiritual leader of Tibetan BuddhismDalai Lama
89%
Priest in ancient Celtic religionDruid
85%
Chinese religion founded by LaoziDaoism
82%
Term for a god or goddessDeity
82%
Country which has Evangelical
Lutheranism as its state religion
Denmark
82%
Muslim shrine on the
Temple Mount of Jerusalem
{Dome} of
the Rock
78%
Greek god of wineDionysus
75%
He slept in the lion's denDaniel
74%
Hindu festival of lightsDiwali
69%
Jesus saw the Holy Spirit in
the form of this animal
Dove
64%
Sufi practitioner who whirls as
a form of devotion
Dervish
60%
Term for someone who is totally
committed to a belief
Devout
58%
Term that historically meant Jews
who lived outside of Israel
Diaspora
50%
What Hindu god of Shiva is known asDestroyer
48%
Religious doctrine proclaimed
as true without proof
Dogma
45%
Term for a subgroup within a religionDenomination
39%
Rules of life that all are to
follow in Hinduism
Dharma
35%
The "Untouchable" caste of IndiaDalit
33%

Score Distribution

Percentile by Number Answered

Percent of People with Each Score

Your Score History

You have not taken this quiz since the last reset